| 000 | 00831cam a22002415a 4500 | ||
|---|---|---|---|
| 001 | 17882440 | ||
| 005 | 20151029105027.0 | ||
| 008 | 130911t2015 flua frbf 001 0 eng d | ||
| 020 | _a9781420054477 | ||
| 040 |
_aDLC _beng _cDLC _dDLC _dEG-ScBUE |
||
| 082 | 0 | 4 |
_a665.81 _bHAN _222 |
| 245 | 0 | 0 |
_aHandbook of Hydrogen Energy / _cedited by S. A. Sherif ... [et al.] |
| 260 |
_aBoca Raton : _bCRC Press / Taylor & Francis Group, _cc.2015. |
||
| 300 |
_axviii, 1040 p. : _bill. ; _c26 cm. |
||
| 490 | 0 | _aMechanical and aerospace engineering | |
| 500 | _aIndex : p. 1021-1040. | ||
| 504 | _aIncludes bibliographical references. | ||
| 650 | 0 |
_aHydrogen as fuel _vHandbooks, manuals, etc. _2BUEsh |
|
| 651 | _2BUEsh | ||
| 653 |
_bENGGEN _bENGCHE _cJune2015 _cOctober2015 |
||
| 700 | 1 |
_aSherif, S. A., _eeditor. |
|
| 942 |
_2ddc _k665.81 HAN |
||
| 999 |
_c19489 _d19461 |
||